Akcesorické minerály hornín bridličného kryštalinika Malých Karpát

Bibliographic Details
Main Authors: Veselský, Jozef, 1933- (Author), Kovalská, Veronika (Author)
Format: Article
Language:Slovak
PhysicalDescription:Tb. 1. Res. angl.
Subjects:

MARC

LEADER 00000nab a2200000 a 4500
001 vtls000108723
003 SK-MaSNL
005 20260303024315.0
008 111031c1981 xo 0 slo
015 |a SNBRA19rr/mm-uuuuu 
035 |a CL0118826 
040 |a SNKBUCL  |b slo  |c SNKBUCL  |e AACR2 
041 0 |a slo 
044 |a xo  |c SK 
080 |a 552  |2 1981 
100 1 |a Veselský, Jozef,  |d 1933-  |4 aut  |9 41631 
245 1 0 |a Akcesorické minerály hornín bridličného kryštalinika Malých Karpát  |c Jozef Veselský, Veronika Kovalská 
300 |b Tb. 1. Res. angl. 
650 0 7 |a horniny metapelické  |2 snkbucl  |9 1007804 
655 7 |a články zo zborníkov  |2 snkbucl  |9 166140 
700 1 |a Kovalská, Veronika  |4 aut  |9 1007805 
773 0 |t Acta geologica et geographica Universitatis Comenianae. Geologica 37  |d Bratislava : SPN, 1981  |g S. 121-135 
850 |a Slovenská národná knižnica v Martine  |a MTA001 
852 |a SNK  |b KIS3GCP 
958 |a RK 
992 |a RZB 
999 |c 1639711  |d 1641641